Musical Acts by State - South Dakota - Statistics

General Stats
  • This quiz has been taken 8 times
  • The average score is 1 of 30
Answer Stats
City/Town Songs Answer % Correct
Vermillion (raised in Illinois) Sunny Came Home | Get Out Of This House Shawn Colvin
86%
Hot Springs Not Dead Yet | Moby Dick Jakey
14%
Spearfish Cold As Ice | Just So You Know Blacklite District
0%
Sioux Falls Fishin' Blues | Hambone Bob Stewart
0%
Lower Brule Buffalo Moon | Stomp Dance Brulé
0%
Sisseton Dakota Meditations | Sage Mist Bryan Akipa
0%
Pine Ridge Indian Love Song | South Dakota Lady Buddy Red Bow
0%
Pierre For Ever Young | You Don't Know Me Chris Gage
0%
? Heathen Heart | Avarice Earth Groans
0%
Sioux Falls California | 3Jane EMA
0%
Lake Traverse Just Another Holy Man | Custer Died For Your Sins Floyd Red Crow Westerman
0%
Rosebud AbOriginal | What Made The Red Man Red Frank Waln
0%
Rosebud Stuck In Your Ways | Energies Gunner Jules
0%
Marty Things We Do | Come On Home Indigenous
0%
Sioux Falls Happy Song | Brother Michael Janitor Bob and the Armchair Cowboys
0%
Aberdeen Where Have You Been All My Life? | I Love This Time Of The Year John Cacavas
0%
Sturgis Billboard | We Were Young Judd Hoos
0%
Standing Rock The First Flute Song | Ceyaya Acitonwe Kevin Locke
0%
Roslyn Roll Out the Barrel | The Happy Wanderer Myron Floren
0%
Parker Aw C'mon Baby | Homicide Myron Lee (& the Caddies)
0%
Sioux Falls The Dawning Age | It's Going To Be OK Nodes of Ranvier
0%
Vermillion Battle Scars | Who We Were With Paradise Fears
0%
Aberdeen Ghost Town | Bottomless Mimosas Sam Outlaw
0%
Sioux Falls Sleep Awake | Stoic Soulcrate Music
0%
Vermillion False Jeopardy | Rube The Kickback
0%
Sioux Falls All Over You | Polygraph, Right Now The Spill Canvas
0%
Sioux Falls There Goes Rhymin' Simon | A Form Of Closure The Spirit of Versailles
0%
Rapid City Stains Of Saints | 202 The Weather Machines
0%
Spearfish Running Bear | Ding-Dong Song Williams and Ree
0%
Sioux Falls Ultra Violence | Let Love Die Wolf Skin
0%
No matching quizzes found
Score Distribution
Percent of People with Each Score
Percentile by Number Answered
Your Score History
You have not taken this quiz